Recuperación de información /
Guardado en:
| Autor Principal: | |
|---|---|
| Formato: | Libro |
| Idioma: | Spanish |
| Publicado: |
Buenos Aires :
Librería "El Ateneo" Editorial,
c1975.
|
| Series: | Serie Sistemas de procedimiento electrónico.
|
| Materias: | |
| Etiquetas: |
Agregar Etiqueta
Sin Etiquetas, Sea el primero en etiquetar este registro!
|
| LEADER | 00875nam a22002415 4500 | ||
|---|---|---|---|
| 001 | EAD.ead002090 | ||
| 008 | 080718s1975####ag############001#0#spa#d | ||
| 005 | 20121213124833.0 | ||
| 245 | 1 | 0 | |a Recuperación de información / |c Roger Meetham. |
| 260 | |a Buenos Aires : |b Librería "El Ateneo" Editorial, |c c1975. | ||
| 300 | |a 158 p. ; |c 19 cm. | ||
| 490 | 1 | |a Serie Sistemas de procedimiento electrónico | |
| 500 | |a Traducción de: Information retrieval. | ||
| 500 | |a Incluye índice. | ||
| 100 | 1 | |a Meetham, A. R. | |
| 830 | 0 | |a Serie Sistemas de procedimiento electrónico. | |
| 082 | 0 | 4 | |a 025.524 |2 21 |
| 650 | 7 | |a Comunicaciones. |2 unbist | |
| 650 | 7 | |a Informática. |2 unbist | |
| 650 | 7 | |a Bibliotecas. |2 unbist | |
| 650 | 7 | |a Servicios de información. |2 unbist | |
| 650 | 7 | |a Almacenamiento de datos. |2 unbist | |
| 859 | |a AR-BaBDC |b BIB. ADMINISTRACION GABCOOP - Libros |h 025.524 |i M472 |p g00912 | ||
